000 00324nam a22001337a 4500
008 170712b xxu||||| |||| 00| 0 eng d
020 _a0872876323
041 _aeng
080 _a038
100 _a23
101 _aFJA
245 _aDICTIONARY OF LIBRARY AND EDUCATIONAL TECHNOLOGY
_cROSENBERG.K.C
942 _2udc
_cBK
999 _c20282
_d20282